[Event "Ct. Catalunya eq. DH"]
[Site "?"]
[Date "2011.04.02"]
[Round "10.8"]
[White "Rivas Garcia, V."]
[Black "Armengol Comas, J."]
[Result "1-0"]
[WhiteElo "2341"]
[BlackElo "2297"]
[PlyCount "105"]
[EventDate "2011.??.??"]
[EventType "team"]

1. e4 c5 2. Nf3 Nf6 3. e5 Nd5 4. c3 Nc6 5. Bc4 Nb6 6. Bb3 c4 7. Bc2 d6 8. exd6
Qxd6 9. O-O Bg4 10. Re1 O-O-O 11. b3 Ne5 12. Rxe5 Bxf3 13. Qe1 Bd5 14. Na3 f6
15. Re3 e5 16. d3 cxd3 17. Rxd3 Qc6 18. c4 Bxa3 19. cxd5 Qd6 20. Be3 Kb8 21.
Rad1 Rd7 22. Qa5 Rc8 23. Bxb6 axb6 24. Qd2 Bb2 25. Rh3 g6 26. Bxg6 hxg6 27.
Qxb2 Qc5 28. Rhd3 Qc2 29. Qxc2 Rxc2 30. a4 e4 31. Rd4 f5 32. g3 Rd6 33. Rc4 Rb2
34. Rc3 Ka7 35. f3 exf3 36. Rxf3 Ka6 37. Re3 Ka5 38. Re6 Rxe6 39. dxe6 Re2 40.
Rd5+ Ka6 41. Rd6 Ka7 42. Kf1 Re4 43. Kf2 Kb8 44. Rxb6 Kc7 45. a5 Re5 46. b4 g5
47. Kf3 Re4 48. Rb5 g4+ 49. Kf2 Kc6 50. Rxf5 Rxb4 51. Re5 Rb2+ 52. Ke3 Rxh2 53.
e7 1-0

[Event "Ct. Catalunya eq. DH"]
[Site "?"]
[Date "2011.04.02"]
[Round "10.9"]
[White "Arza Garcia, R."]
[Black "Yastrebova, T."]
[Result "1/2-1/2"]
[WhiteElo "2098"]
[BlackElo "2116"]
[PlyCount "34"]
[EventDate "2011.??.??"]
[EventType "team"]

1. Nf3 Nf6 2. c4 e6 3. g3 d5 4. Bg2 c6 5. O-O Nbd7 6. cxd5 exd5 7. d4 Bd6 8.
Nc3 O-O 9. e4 Nxe4 10. Nxe4 dxe4 11. Ng5 Nf6 12. Nxe4 Nxe4 13. Bxe4 Re8 14. Bg2
Be6 15. d5 cxd5 16. Bxd5 Qc7 17. Be3 Bxd5 1/2-1/2

[Event "Ct. Catalunya eq. DH"]
[Site "?"]
[Date "2011.04.02"]
[Round "10.9"]
[White "Ayas Fernandez, A."]
[Black "Romero Perea, E."]
[Result "0-1"]
[WhiteElo "2343"]
[BlackElo "2221"]
[PlyCount "100"]
[EventDate "2011.??.??"]
[EventType "team"]

1. e4 c5 2. Nf3 d6 3. d4 cxd4 4. Nxd4 Nf6 5. Nc3 a6 6. g3 g6 7. Bg2 Bg7 8. O-O
O-O 9. h3 Nbd7 10. Be3 Rb8 11. Qe2 Qc7 12. Rad1 Nb6 13. g4 Bd7 14. g5 Nh5 15.
Qd3 Rbd8 16. Nde2 Rfe8 17. f4 e6 18. b3 d5 19. e5 Bf8 20. Bd4 Bc5 21. Qe3 Rc8
22. Bf3 Ng7 23. Bg4 Bxd4 24. Rxd4 Qc5 25. a4 Rc7 26. Rfd1 Nc8 27. Kf2 Ne7 28.
Ne4 dxe4 29. Rxd7 Qxe3+ 30. Kxe3 Rxc2 31. Rxb7 Nd5+ 32. Kxe4 Nf5 33. Bxf5 gxf5+
34. Kf3 Rec8 35. Rd4 Nc3 36. Rbd7 Nxe2 37. Rd8+ Rxd8 38. Rxd8+ Kg7 39. b4 Ng1+
40. Ke3 Re2+ 41. Kd3 Re4 42. Rd4 Re1 43. b5 axb5 44. axb5 Rb1 45. Kc4 Ne2 46.
Rd7 Nxf4 47. Kc5 Nd5 48. Ra7 f4 49. Ra3 Kg6 50. h4 Kf5 0-1

[Event "Ct. Catalunya eq. DH"]
[Site "?"]
[Date "2011.04.02"]
[Round "10.9"]
[White "Sadrija, E."]
[Black "Bosque Ortega, X."]
[Result "0-1"]
[WhiteElo "2244"]
[BlackElo "2327"]
[PlyCount "118"]
[EventDate "2011.??.??"]
[EventType "team"]

1. d4 d5 2. Nf3 Nf6 3. Nc3 Bf5 4. Bf4 c6 5. e3 Nbd7 6. Bd3 e6 7. O-O Be7 8. Qe2
O-O 9. e4 dxe4 10. Nxe4 Nd5 11. Bg3 Nb4 12. Bc4 Nf6 13. Nxf6+ Bxf6 14. c3 Nd5
15. a4 a5 16. h3 h6 17. Rfe1 Be7 18. Ne5 Bd6 19. Qf3 Qc7 20. Re2 Nb6 21. Bb3
Nd7 22. Rae1 Nxe5 23. Bxe5 Bxe5 24. Rxe5 Qb6 25. Qd1 Rfd8 26. R1e2 Rac8 27. Ba2
c5 28. g4 cxd4 29. gxf5 dxc3 30. Qb3 Qd4 31. fxe6 c2 32. exf7+ Kh7 33. Rxc2
Qxe5 34. Rxc8 Qe1+ 35. Kg2 Qe4+ 36. Qf3 Qxf3+ 37. Kxf3 Rxc8 38. Be6 Rd8 39. Kf4
g6 40. Bd5 Kg7 41. Ke5 Rd7 42. h4 Re7+ 43. Be6 Rc7 44. f3 Rc2 45. b3 Re2+ 46.
Kd6 Kf8 47. Bd5 Rd2 48. Kc5 Rh2 49. Kb6 Rxh4 50. Kxb7 Rf4 51. Kb6 h5 52. Kxa5
Rf5 53. Kb6 Rxd5 54. a5 h4 55. a6 h3 56. a7 Rd8 57. Kc7 Ra8 58. Kb7 Rxa7+ 59.
Kxa7 h2 0-1

[Event "Ct. Catalunya eq. DH"]
[Site "?"]
[Date "2011.04.02"]
[Round "10.10"]
[White "Egea Peña, M."]
[Black "Urgel Yborra, M."]
[Result "1-0"]
[WhiteElo "1700"]
[BlackElo "1958"]
[PlyCount "112"]
[EventDate "2011.??.??"]
[EventType "team"]

1. e4 c5 2. Nf3 d6 3. d4 cxd4 4. Nxd4 Nf6 5. Nc3 a6 6. Be2 e5 7. Nb3 Be6 8. Be3
Nbd7 9. Qd2 Be7 10. f3 Qc7 11. a4 O-O 12. a5 Nc5 13. Nxc5 dxc5 14. Na4 Rad8 15.
Qc3 Nd7 16. O-O Rc8 17. Rfd1 Rfd8 18. Bc4 Bxc4 19. Qxc4 Qxa5 20. Nc3 Qb4 21.
Qxb4 cxb4 22. Nd5 Bf8 23. Rd2 Nf6 24. Bb6 Rd6 25. Ba5 Rdc6 26. c3 bxc3 27. Bxc3
Bd6 28. Rad1 Nxd5 29. Rxd5 Bc5+ 30. Kf1 f6 31. Rd8+ Rxd8 32. Rxd8+ Kf7 33. Rd7+
Kg6 34. Rxb7 h5 35. Ke2 Rd6 36. Rc7 Bb6 37. Rb7 Bc5 38. b3 Kh6 39. Bd2+ g5 40.
h4 Kg6 41. hxg5 fxg5 42. Rb8 g4 43. fxg4 hxg4 44. Rg8+ Kh5 45. Rg5+ Kh4 46.
Rxe5 Bd4 47. Be1+ g3 48. Rd5 Rxd5 49. exd5 Bc5 50. Kf3 Bd6 51. Bd2 Be5 52. b4
Kh5 53. Bf4 Bf6 54. Bxg3 Kg5 55. Ke4 Be7 56. Bc7 Kg4 1-0

[Event "Ct. Catalunya eq. DH"]
[Site "?"]
[Date "2011.04.02"]
[Round "10.10"]
[White "Mingo Fernandez, M."]
[Black "Dickl, E."]
[Result "1/2-1/2"]
[WhiteElo "2281"]
[BlackElo "2231"]
[PlyCount "53"]
[EventDate "2011.??.??"]
[EventType "team"]

1. d4 Nf6 2. Nf3 b6 3. Bf4 Bb7 4. e3 e6 5. Be2 d6 6. O-O Nbd7 7. a4 a5 8. Na3
Nh5 9. Bg5 Be7 10. Bxe7 Qxe7 11. Nd2 Nhf6 12. Bf3 Bxf3 13. Qxf3 O-O 14. Nb5 d5
15. Nc3 c5 16. Nb5 cxd4 17. exd4 Rfc8 18. c3 Nb8 19. Rfe1 Na6 20. Ra3 Rc6 21.
Rb3 Nc7 22. g3 Nxb5 23. Rxb5 Qc7 24. Qe2 h6 25. Nf3 Nd7 26. Qd1 Rd8 27. Qb3
1/2-1/2

[Event "Ct. Catalunya eq. DH"]
[Site "?"]
[Date "2011.04.02"]
[Round "10.10"]
[White "Sole Bove, J."]
[Black "Colon Garcia, E."]
[Result "0-1"]
[WhiteElo "1908"]
[BlackElo "2288"]
[PlyCount "60"]
[EventDate "2011.??.??"]
[EventType "team"]

1. e4 c5 2. Nf3 d6 3. d4 cxd4 4. Nxd4 Nf6 5. Nc3 a6 6. g3 e5 7. Nb3 Be7 8. Bg2
O-O 9. a4 b6 10. O-O Bb7 11. Re1 Nbd7 12. Be3 Rc8 13. h3 Rc7 14. a5 b5 15. Qd3
Qa8 16. Nd5 Nxd5 17. exd5 Nf6 18. Rad1 Rfc8 19. c3 Bf8 20. Bg5 Nd7 21. h4 h6
22. Be4 hxg5 23. Bh7+ Kh8 24. hxg5 g6 25. Bxg6 fxg6 26. Qxg6 Bxd5 27. Rxd5 Qxd5
28. Re4 Bg7 29. Nd4 Nf8 30. Qh5+ Kg8 0-1

[Event "Ct. Catalunya eq. DH"]
[Site "?"]
[Date "2011.04.09"]
[Round "11.1"]
[White "Quesada Perez, Y."]
[Black "Jerez Perez, A."]
[Result "1-0"]
[WhiteElo "2586"]
[BlackElo "2488"]
[PlyCount "105"]
[EventDate "2011.??.??"]
[EventType "team"]

1. e4 c6 2. d4 d5 3. e5 Bf5 4. Nf3 e6 5. Be2 c5 6. Be3 cxd4 7. Nxd4 Ne7 8. Nd2
Nbc6 9. N2f3 Be4 10. O-O Bxf3 11. Nxf3 Ng6 12. c4 dxc4 13. Bxc4 Be7 14. Bb5 O-O
15. Bxc6 bxc6 16. Qxd8 Rfxd8 17. Rfc1 Rd5 18. Rxc6 Nxe5 19. Nxe5 Rxe5 20. Rac1
h6 21. Rc8+ Rxc8 22. Rxc8+ Kh7 23. Kf1 Bg5 24. Rc5 Re4 25. Bxg5 hxg5 26. Rxg5
Rc4 27. Rb5 Rc2 28. a4 Kg6 29. g3 f5 30. Kg2 a5 31. Kf3 Kf6 32. h4 g5 33. hxg5+
Kxg5 34. g4 Rc4 35. gxf5 exf5 36. Rxa5 Rb4 37. Rd5 Rxb2 38. Ke3 Ra2 39. f4+ Kg4
40. Rd4 Ra1 41. Kd2 Kf3 42. Kc2 Re1 43. Kd3 Rb1 44. Rc4 Rb8 45. a5 Rb3+ 46. Kc2
Rb7 47. a6 Ra7 48. Ra4 Ke3 49. Kc3 Rc7+ 50. Kb4 Kxf4 51. a7 Rxa7 52. Rxa7 Ke3
53. Kc3 1-0

[Event "Ct. Catalunya eq. DH"]
[Site "?"]
[Date "2011.04.09"]
[Round "11.2"]
[White "Torrecillas Martinez, A."]
[Black "Leon Hoyos, M."]
[Result "0-1"]
[WhiteElo "2468"]
[BlackElo "2547"]
[PlyCount "98"]
[EventDate "2011.??.??"]
[EventType "team"]

1. e4 c5 2. Nf3 Nc6 3. Nc3 g6 4. d4 cxd4 5. Nxd4 Bg7 6. Nde2 Nf6 7. g3 O-O 8.
Bg2 d6 9. O-O Rb8 10. a4 a6 11. Nd5 Nd7 12. c3 b5 13. axb5 axb5 14. Nd4 Nde5
15. Bg5 h6 16. Be3 Bd7 17. b3 e6 18. Nf4 Qc7 19. h3 b4 20. c4 Nxd4 21. Bxd4 Ra8
22. Ne2 Bc6 23. Qd2 Qb7 24. f4 Nd7 25. Bxg7 Kxg7 26. Qxd6 Bxe4 27. Bxe4 Qxe4
28. Qd4+ Nf6 29. Qxe4 Nxe4 30. Rfd1 Rfd8 31. Kg2 Rxa1 32. Rxd8 Rb1 33. Nd4 Rb2+
34. Kf3 Nd2+ 35. Ke3 Nxb3 36. Rb8 Nxd4 37. Kxd4 Kf6 38. c5 b3 39. c6 Rc2 40.
Rxb3 Rxc6 41. Ke4 g5 42. Kf3 Rc2 43. Re3 Rh2 44. Kg4 Kg6 45. fxg5 hxg5 46. h4
f5+ 47. Kf3 g4+ 48. Kf4 Kf6 49. Rd3 Re2 0-1

[Event "Ct. Catalunya eq. DH"]
[Site "?"]
[Date "2011.04.09"]
[Round "11.3"]
[White "Matnadze, A."]
[Black "Sanchez Ibern, M."]
[Result "1/2-1/2"]
[WhiteElo "2452"]
[BlackElo "2385"]
[PlyCount "94"]
[EventDate "2011.??.??"]
[EventType "team"]

1. d4 Nf6 2. Nf3 g6 3. g3 Bg7 4. Bg2 d5 5. O-O O-O 6. c4 dxc4 7. Na3 Nc6 8.
Nxc4 Be6 9. b3 Bd5 10. Bb2 a5 11. Ne3 Be4 12. a3 Qc8 13. Qc1 Rd8 14. Rd1 h6 15.
Ne5 Bxg2 16. Nxg2 Nxe5 17. dxe5 Rxd1+ 18. Qxd1 Nd7 19. f4 Nf8 20. Rc1 c6 21.
Bd4 Qc7 22. Qe1 Ne6 23. Be3 Rd8 24. Qf2 Rd5 25. Bb6 Qd7 26. Ne3 Rb5 27. Rd1 Qe8
28. Nc4 Rxb3 29. Nxa5 Rxa3 30. Nxb7 Ra8 31. Nc5 Nxc5 32. Qxc5 Rc8 33. h4 h5 34.
Kf2 e6 35. Qd4 Bf8 36. Bc5 Bxc5 37. Qxc5 Qf8 38. Rd6 Qe7 39. Ke3 Qb7 40. Rd3
Qb1 41. Kf2 Qh1 42. Qe7 Qh2+ 43. Kf3 Qh1+ 44. Ke3 Qg1+ 45. Kf3 Qh1+ 46. Ke3
Qg1+ 47. Kf3 Qh1+ 1/2-1/2

[Event "Ct. Catalunya eq. DH"]
[Site "?"]
[Date "2011.04.09"]
[Round "11.4"]
[White "Ryan, J."]
[Black "Grafl, F."]
[Result "0-1"]
[WhiteElo "2349"]
[BlackElo "2419"]
[PlyCount "108"]
[EventDate "2011.??.??"]
[EventType "team"]

1. e4 d5 2. exd5 Qxd5 3. Nc3 Qd6 4. d4 Nf6 5. Nf3 a6 6. g3 Bg4 7. Bg2 Nc6 8.
O-O O-O-O 9. d5 Ne5 10. Bf4 Nxf3+ 11. Bxf3 Qd7 12. Bxg4 Qxg4 13. Qxg4+ Nxg4 14.
Rad1 h6 15. Ne4 g5 16. Bc1 Bg7 17. c4 b5 18. b3 bxc4 19. bxc4 Ne5 20. Ba3 f5
21. Nd2 e6 22. Nb1 Rhe8 23. dxe6 Rxd1 24. Rxd1 Nxc4 25. Re1 Ne5 26. Kg2 Rxe6
27. Nd2 Rc6 28. Nb3 Rc2 29. Nd4 Rxa2 30. Nxf5 Bf6 31. Be7 Nd3 32. Rf1 Bxe7 33.
Nxe7+ Kd7 34. Ng8 c5 35. Kf3 Ne5+ 36. Ke4 Ke6 37. Ke3 Ng4+ 38. Ke4 Ra4+ 39. Kd3
Kf7 40. Nxh6+ Nxh6 41. Rc1 Rd4+ 42. Kc3 Ng4 43. h4 gxh4 44. gxh4 Nxf2 45. Ra1
Ne4+ 46. Kb3 c4+ 47. Kb4 c3+ 48. Kb3 Rd6 49. h5 Kg7 50. Ra5 Rc6 51. Kc2 Nd6 52.
Rd5 Nb5 53. Rd1 Kh6 54. Rh1 Nd4+ 0-1

[Event "Ct. Catalunya eq. DH"]
[Site "?"]
[Date "2011.04.09"]
[Round "11.5"]
[White "Alonso Moyano, J."]
[Black "De la Riva Aguado, J."]
[Result "0-1"]
[WhiteElo "2428"]
[BlackElo "2354"]
[PlyCount "148"]
[EventDate "2011.??.??"]
[EventType "team"]

1. e4 c5 2. Nf3 e6 3. d4 cxd4 4. Nxd4 Nc6 5. Nc3 Qc7 6. Be3 a6 7. Qd2 Nf6 8. f3
Bb4 9. O-O-O Ne5 10. Nb3 b5 11. Bd4 Bb7 12. Qf2 Rc8 13. a3 Be7 14. Kb1 O-O 15.
Rg1 d5 16. exd5 Nxd5 17. Ne4 Nd7 18. Rc1 N5f6 19. Nxf6+ Bxf6 20. Bxf6 Nxf6 21.
c4 bxc4 22. Bxc4 Qxh2 23. Nc5 Bd5 24. Bxa6 Rc7 25. Nd3 Ra8 26. Nb4 Qe5 27. Rxc7
Qxc7 28. Rc1 Qd7 29. Qb6 Qa4 30. Nxd5 Nxd5 31. Qc6 Qxc6 32. Rxc6 Kf8 33. Rc8+
Rxc8 34. Bxc8 h5 35. Kc1 h4 36. Bb7 Nf4 37. a4 Ke8 38. Kd2 Nxg2 39. a5 Kd8 40.
b4 Kc7 41. Ba8 Kb8 42. Bc6 Kc7 43. Ba8 Nf4 44. b5 h3 45. b6+ Kb8 46. Bc6 Nd5
47. f4 h2 48. a6 Nxb6 49. Bf3 Ka7 50. Ke2 Nd5 51. f5 Nf4+ 52. Ke3 g5 53. fxg6
Nxg6 54. Kf2 Kxa6 55. Kg3 Kb6 56. Kxh2 Kc5 57. Kg3 Kd4 58. Bh5 Ke3 59. Kg4 f5+
60. Kg5 Nf4 61. Bf7 Ke4 62. Bg8 Ke5 63. Bf7 Nh3+ 64. Kh4 Nf2 65. Kg3 Ne4+ 66.
Kg2 Ng5 67. Bh5 Kf4 68. Kf2 e5 69. Ke2 Kg3 70. Kf1 f4 71. Be8 e4 72. Bc6 f3 73.
Bb7 e3 74. Bc6 Ne6 0-1

[Event "Ct. Catalunya eq. DH"]
[Site "?"]
[Date "2011.04.09"]
[Round "11.6"]
[White "Armengol Comas, J."]
[Black "Vehi Bach, VM."]
[Result "0-1"]
[WhiteElo "2207"]
[BlackElo "2408"]
[PlyCount "78"]
[EventDate "2011.??.??"]
[EventType "team"]

1. e4 c5 2. Nf3 e6 3. d3 Nc6 4. g3 d5 5. Nbd2 b6 6. Bg2 dxe4 7. dxe4 Ba6 8. c4
Qc7 9. O-O O-O-O 10. Qa4 Bb7 11. a3 Nf6 12. b4 cxb4 13. Bb2 Rg8 14. Rac1 Nd7
15. Nb3 Nc5 16. Nxc5 Bxc5 17. axb4 Bxb4 18. Ba3 a5 19. c5 b5 20. Qb3 Bxa3 21.
Qxa3 Ba6 22. Qa1 b4 23. Rfd1 Rxd1+ 24. Rxd1 Rd8 25. Rc1 e5 26. Qa4 Qb7 27. h4
Bb5 28. Qa1 Qe7 29. Bf1 Bxf1 30. Kxf1 Rd3 31. Ne1 Ra3 32. Qb1 Qe6 33. Kg1 Nd4
34. Rd1 Ne2+ 35. Kg2 Nc3 36. Qd3 Nxd1 37. Qxd1 Rc3 38. Qa4 Rxc5 39. Nd3 Rc3 0-1

[Event "Ct. Catalunya eq. DH"]
[Site "?"]
[Date "2011.04.09"]
[Round "11.6"]
[White "Garrido Fernandez, D."]
[Black "Gomez Jurado, LA."]
[Result "1/2-1/2"]
[WhiteElo "2328"]
[BlackElo "2392"]
[PlyCount "143"]
[EventDate "2011.??.??"]
[EventType "team"]

1. e4 c5 2. Nc3 Nc6 3. f4 d6 4. Nf3 Nf6 5. Bb5 e6 6. Bxc6+ bxc6 7. e5 Nd5 8. d3
Nxc3 9. bxc3 d5 10. O-O Be7 11. Be3 O-O 12. Qd2 f5 13. Rfb1 Qa5 14. Rb2 Ba6 15.
Rab1 c4 16. a4 cxd3 17. cxd3 c5 18. Qc2 Qc7 19. c4 dxc4 20. dxc4 Rfd8 21. Kf2
Rd7 22. Rb3 Rad8 23. h3 Qc6 24. Rb8 Bc8 25. Ke2 h6 26. Rg1 Bf8 27. h4 Ba6 28.
Rxd8 Rxd8 29. Rb1 Qd5 30. Rc1 Be7 31. g3 Qd7 32. Rb1 Bb7 33. Qb3 Be4 34. Rc1
Qe8 35. Nd2 Rd3 36. Rc3 Rxc3 37. Qxc3 Qxa4 38. Nxe4 fxe4 39. Bd2 Qa2 40. Ke3
Qb1 41. Be1 Qd1 42. Kf2 Qd4+ 43. Ke2 Bd8 44. Qb3 Bb6 45. Bf2 Qd7 46. Ke3 Qd4+
47. Ke2 Qa1 48. Qb5 Qa2+ 49. Kf1 Kh7 50. h5 Qa1+ 51. Kg2 Qd1 52. Qe8 Qg4 53.
Qc6 Qf3+ 54. Kg1 Qd1+ 55. Kg2 Qf3+ 56. Kg1 Qxh5 57. Qxe4+ Qg6 58. Qc6 h5 59.
Qf3 Qg4 60. Qd3+ Qf5 61. Qxf5+ exf5 62. Kf1 Kg6 63. Ke2 Kf7 64. Kd3 Ke6 65. Kc3
Kd7 66. Kb3 Kc6 67. Ka4 Bd8 68. Be3 Bc7 69. Bd2 Bd8 70. Be3 Bb6 71. Bd2 Bd8 72.
Be3 1/2-1/2

[Event "Ct. Catalunya eq. DH"]
[Site "?"]
[Date "2011.04.09"]
[Round "11.7"]
[White "Perez Mañas, B."]
[Black "Heredia Tarrats, A."]
[Result "1/2-1/2"]
[WhiteElo "2347"]
[BlackElo "2269"]
[PlyCount "149"]
[EventDate "2011.??.??"]
[EventType "team"]

1. d4 Nf6 2. c4 g6 3. Nc3 d5 4. Nf3 Bg7 5. g3 dxc4 6. Qa4+ Nfd7 7. Bg2 O-O 8.
Qxc4 Nb6 9. Qb3 Nc6 10. e3 Be6 11. Qd1 Bc4 12. Nd2 Ba6 13. Nb3 e5 14. d5 Nb4
15. Nc5 Bc4 16. a3 N4xd5 17. Nxb7 Qc8 18. Nxd5 Bxd5 19. Bxd5 Nxd5 20. Qxd5 c6
21. Qc4 Qxb7 22. O-O Rfd8 23. e4 Rd4 24. Qc2 c5 25. f3 c4 26. Bd2 Rad8 27. Bc3
Rd3 28. Rae1 Qb6+ 29. Kh1 g5 30. Qg2 R8d6 31. Qh3 Qd8 32. Qf5 Qf6 33. Qg4 h6
34. f4 Qe6 35. Qxe6 Rxe6 36. fxg5 hxg5 37. Rf5 f6 38. Kg2 Bf8 39. Rf3 Red6 40.
Ref1 Rxf3 41. Kxf3 Rd3+ 42. Ke2 Kg7 43. Rf3 Rd7 44. h3 Bc5 45. g4 Rb7 46. Kd2
a5 47. Kc2 a4 48. Bb4 Bxb4 49. axb4 Rxb4 50. Ra3 c3 51. bxc3 Rxe4 52. Ra1 Kf7
53. Kd3 Rf4 54. c4 Rf3+ 55. Ke4 Rxh3 56. Rxa4 Rg3 57. Ra7+ Kg6 58. c5 Rxg4+ 59.
Kd5 Kf5 60. c6 Rd4+ 61. Kc5 Rd1 62. Ra4 Rd8 63. Ra1 g4 64. Rf1+ Ke6 65. c7 Rf8
66. Rd1 Rc8 67. Kc6 f5 68. Rd6+ Kf7 69. Kd5 e4 70. Ke5 e3 71. Kxf5 Rxc7 72. Rd1
g3 73. Kf4 Rc3 74. Re1 g2 75. Kf3 1/2-1/2

[Event "Ct. Catalunya eq. DH"]
[Site "?"]
[Date "2011.04.09"]
[Round "11.8"]
[White "Lopez Santana, O."]
[Black "Rivas Garcia, V."]
[Result "1-0"]
[WhiteElo "2260"]
[BlackElo "2341"]
[PlyCount "95"]
[EventDate "2011.??.??"]
[EventType "team"]

1. e4 c5 2. Nf3 d6 3. Bb5+ Nd7 4. d4 Ngf6 5. Nc3 cxd4 6. Qxd4 e5 7. Qd3 h6 8.
Be3 Be7 9. h3 O-O 10. g4 Nb6 11. Qd2 d5 12. Nxe5 dxe4 13. O-O-O Qxd2+ 14. Rxd2
Bb4 15. a3 Bxc3 16. bxc3 Be6 17. Bxb6 axb6 18. Kb2 Rfc8 19. Nd7 Bxd7 20. Bxd7
Rc5 21. Rhd1 Rca5 22. a4 Nxd7 23. Rxd7 Rxa4 24. Rxb7 Ra2+ 25. Kb3 R2a3+ 26. Kb4
R8a4+ 27. Kb5 Ra5+ 28. Kxb6 Ra6+ 29. Kb5 R6a5+ 30. Kc4 R5a4+ 31. Rb4 Ra8 32.
Rd7 Rc8+ 33. Kd4 Raxc3 34. Rd8+ Rxd8+ 35. Kxc3 Re8 36. Kd4 g6 37. Rb5 Rd8+ 38.
Rd5 Re8 39. c4 f6 40. c5 Kf7 41. c6 Ke6 42. Kc5 Rc8 43. Rd6+ Ke5 44. Rd7 Kf4
45. Rf7 f5 46. gxf5 gxf5 47. Kd6 Rd8+ 48. Ke6 1-0

[Event "Ct. Catalunya eq. DH"]
[Site "?"]
[Date "2011.04.09"]
[Round "11.9"]
[White "Lopez Agustench, E."]
[Black "Flores de Paco, D."]
[Result "1/2-1/2"]
[WhiteElo "2360"]
[BlackElo "2175"]
[PlyCount "90"]
[EventDate "2011.??.??"]
[EventType "team"]

1. d4 f5 2. Nc3 Nf6 3. Bg5 e6 4. e4 fxe4 5. Nxe4 Be7 6. Bxf6 Bxf6 7. Nf3 d6 8.
Bd3 Nc6 9. c3 Qe7 10. Qc2 Bd7 11. Ng3 g6 12. O-O-O O-O-O 13. Kb1 Qg7 14. h4 e5
15. d5 Ne7 16. Be4 h5 17. Rh2 Rdf8 18. c4 b6 19. a3 Kb8 20. Ne2 Nf5 21. Qd3 Nh6
22. g3 Ng4 23. Rg2 Be7 24. Nc3 Rf7 25. Rd2 Rhf8 26. Nd1 Bf5 27. Ng1 Qh6 28. Re2
Nf6 29. f3 Nxe4 30. fxe4 Bg4 31. Rd2 Rf1 32. Ka2 Re1 33. Nf2 Re3 34. Qc2 Bd7
35. Re2 Rxe2 36. Nxe2 Qe3 37. Nd1 Qh6 38. Rf2 Rxf2 39. Nxf2 Qe3 40. Nd1 Qf3 41.
Ndc3 g5 42. hxg5 Bxg5 43. Nd1 Bg4 44. Ndc3 Be3 45. Qa4 Qf7 1/2-1/2

[Event "Ct. Catalunya eq. DH"]
[Site "?"]
[Date "2011.04.09"]
[Round "11.10"]
[White "Masip Tresserra, O."]
[Black "Mingo Fernandez, M."]
[Result "1/2-1/2"]
[WhiteElo "2166"]
[BlackElo "2281"]
[PlyCount "47"]
[EventDate "2011.??.??"]
[EventType "team"]

1. e4 e6 2. d4 d5 3. Nc3 dxe4 4. Nxe4 Nd7 5. Nf3 Ngf6 6. Nxf6+ Nxf6 7. Bf4 Nd5
8. Be5 Bd7 9. a3 Bc6 10. c4 Nb6 11. Be2 Qd7 12. Bf4 Bxf3 13. Bxf3 c6 14. Rc1
Rd8 15. Bg5 Be7 16. Bxe7 Kxe7 17. c5 Nd5 18. O-O Rhe8 19. Qc2 Nf6 20. Rcd1 Kf8
21. b4 Qc7 22. Rd2 Qf4 23. Rfd1 a6 24. a4 1/2-1/2

[Event "Ct. Catalunya femeni"]
[Site "?"]
[Date "????.??.??"]
[Round "1"]
[White "Capellades Subirana, L."]
[Black "Garcia Castany Musellas, G."]
[Result "0-1"]
[WhiteElo "1651"]
[BlackElo "2001"]
[PlyCount "84"]
[EventDate "2011.??.??"]
[EventType "swiss"]
[EventRounds "6"]

1. e4 e5 2. Nf3 Nc6 3. Bc4 Bc5 4. Nc3 Nf6 5. O-O d6 6. h3 O-O 7. d3 h6 8. Be3
Bb6 9. Bxb6 axb6 10. Qd2 Nh5 11. Ne2 Qf6 12. Nh2 Qg6 13. Ng3 Nxg3 14. fxg3 Qxg3
15. Rf3 Qg6 16. Qf2 Nd4 17. Re3 b5 18. Bb3 Nxb3 19. cxb3 f5 20. Rf3 Be6 21.
exf5 Rxf5 22. b4 c6 23. a3 Rxf3 24. Qxf3 Rf8 25. Qe3 Bd5 26. Qd2 Qg3 27. Rf1
Rxf1+ 28. Nxf1 Qf4 29. Qxf4 exf4 30. Kf2 Kf7 31. g3 fxg3+ 32. Kxg3 Kf6 33. Ne3
Ke5 34. h4 Be6 35. Nc2 Bf5 36. d4+ Ke4 37. Kf2 Kd3 38. Ne3 Be4 39. Ng2 Bxg2 40.
Kxg2 Kxd4 41. Kf3 g5 42. h5 Ke5 0-1

[Event "Ct. Catalunya femeni"]
[Site "?"]
[Date "????.??.??"]
[Round "1"]
[White "Las Heras Aixandri, S."]
[Black "Riera Morilla, E."]
[Result "0-1"]
[WhiteElo "1550"]
[BlackElo "1929"]
[PlyCount "68"]
[EventDate "2011.??.??"]
[EventType "swiss"]
[EventRounds "6"]

1. e4 c5 2. Nc3 g6 3. f4 Bg7 4. Bc4 Nc6 5. Nf3 e6 6. O-O Nge7 7. d3 O-O 8. Be3
d5 9. f5 dxc4 10. Bxc5 b6 11. Nd2 exf5 12. Bxe7 Nxe7 13. Qf3 Bb7 14. Nxc4 fxe4
15. dxe4 Qc7 16. Qd3 Ba6 17. b3 b5 18. Ne3 Qxc3 19. Rad1 Qxd3 20. Rxd3 b4 21.
Nc4 Bxc4 22. bxc4 Nc6 23. Rb3 Rad8 24. Rd3 Ne5 25. Rd5 Nxc4 26. Rc5 Bd4+ 27.
Kh1 Bxc5 28. h3 Rd2 29. Rc1 Rfd8 30. Kh2 Bd6+ 31. Kh1 Bg3 32. Rf1 Rd1 33. Kg1
Ne3 34. c3 Rxf1# 0-1

[Event "Ct. Catalunya femeni"]
[Site "?"]
[Date "????.??.??"]
[Round "1"]
[White "Lopez Atay, DR."]
[Black "Julian Ortin, EM."]
[Result "1-0"]
[WhiteElo "2012"]
[BlackElo "1770"]
[PlyCount "71"]
[EventDate "2011.??.??"]
[EventType "swiss"]
[EventRounds "6"]

1. e4 c6 2. d4 d5 3. exd5 cxd5 4. Bd3 Nf6 5. c3 Nc6 6. Bf4 Bg4 7. Qb3 Qd7 8.
Nd2 e6 9. Ngf3 a6 10. O-O Be7 11. Rfe1 O-O 12. Ne5 Nxe5 13. dxe5 Ne8 14. Qc2
Bf5 15. Bxf5 exf5 16. Nf3 Rc8 17. Nd4 g5 18. Qxf5 Qd8 19. Be3 Ng7 20. Qd3 Qd7
21. Rad1 f5 22. exf6 Bxf6 23. Nc2 Kh8 24. Qxd5 Qg4 25. Bd4 Qh4 26. Bxf6 Rxf6
27. f3 Rcf8 28. Rd4 Qh6 29. Ne3 Re6 30. Re4 Rd6 31. Qc5 Rfd8 32. Nf5 Nxf5 33.
Qxf5 Rd2 34. Re8+ Rxe8 35. Rxe8+ Kg7 36. Qf8+ 1-0

[Event "Ct. Catalunya femeni"]
[Site "?"]
[Date "????.??.??"]
[Round "1"]
[White "Martin Perez, L."]
[Black "Ros Alonso, J."]
[Result "1-0"]
[WhiteElo "1948"]
[BlackElo "1565"]
[PlyCount "43"]
[EventDate "2011.??.??"]
[EventType "swiss"]
[EventRounds "6"]

1. e4 e5 2. Nf3 Nc6 3. Bb5 a6 4. Bxc6 dxc6 5. O-O Bd6 6. Re1 Nf6 7. d4 Qe7 8.
Bg5 O-O 9. Nbd2 Bg4 10. h3 Bh5 11. Nc4 Bxf3 12. Qxf3 h6 13. Bh4 Rfe8 14. c3
exd4 15. e5 Bc5 16. exf6 Qxe1+ 17. Rxe1 Rxe1+ 18. Kh2 g6 19. cxd4 Bxd4 20. Qf4
b5 21. Qxh6 Bxf6 22. Bxf6 1-0

[Event "Ct. Catalunya femeni"]
[Site "?"]
[Date "????.??.??"]
[Round "1"]
[White "Norte Garcia, A."]
[Black "Martin Dinares, S."]
[Result "1-0"]
[WhiteElo "1920"]
[BlackElo "1507"]
[PlyCount "47"]
[EventDate "2011.??.??"]
[EventType "swiss"]
[EventRounds "6"]

1. e4 e5 2. Nf3 Nc6 3. Bb5 Bc5 4. O-O Nge7 5. c3 a6 6. Ba4 b5 7. Bb3 d6 8. Ng5
d5 9. exd5 Nxd5 10. Nxf7 Kxf7 11. Qf3+ Ke6 12. d4 Bxd4 13. cxd4 Nxd4 14. Qg4+
Kf7 15. Qh5+ Ke6 16. Re1 Qf6 17. Bxd5+ Kxd5 18. Nc3+ Kc6 19. Rxe5 Rf8 20. Rc5+
Kb7 21. Be3 g6 22. Qd5+ Nc6 23. Rxb5+ axb5 24. Qxb5# 1-0

[Event "Ct. Catalunya femeni"]
[Site "?"]
[Date "????.??.??"]
[Round "1"]
[White "Ruiz Font, E."]
[Black "Jausas Lopez, A."]
[Result "1-0"]
[WhiteElo "1971"]
[BlackElo "1593"]
[PlyCount "49"]
[EventDate "2011.??.??"]
[EventType "swiss"]
[EventRounds "6"]

1. e4 c5 2. Nf3 e6 3. d4 cxd4 4. Nxd4 Nf6 5. Bd3 Nc6 6. c3 Be7 7. O-O O-O 8. f4
Qb6 9. Kh1 Nxd4 10. cxd4 Qxd4 11. Nc3 Qb6 12. Qc2 h6 13. e5 Ne8 14. f5 f6 15.
fxe6 Qxe6 16. Nd5 Kh8 17. Nf4 Qb6 18. Ng6+ Kh7 19. Nxe7+ g6 20. Bxg6+ Kg7 21.
Bxe8 Rxe8 22. Bxh6+ Kh8 23. Ng6+ Kg8 24. Nf8 fxe5 25. Qh7# 1-0

[Event "Ct. Catalunya femeni"]
[Site "?"]
[Date "????.??.??"]
[Round "1"]
[White "Terrones Launes, X."]
[Black "Terrones Launes, M."]
[Result "0-1"]
[WhiteElo "1591"]
[BlackElo "1959"]
[PlyCount "80"]
[EventDate "2011.??.??"]
[EventType "swiss"]
[EventRounds "6"]

1. d4 Nf6 2. c4 e6 3. Nc3 Bb4 4. Bg5 h6 5. Bh4 Bxc3+ 6. bxc3 g5 7. Bg3 b6 8. e3
Bb7 9. Be5 d6 10. Bxf6 Qxf6 11. Qc2 Nd7 12. e4 O-O 13. Bd3 c5 14. d5 Rae8 15.
Ne2 Ne5 16. O-O Ba6 17. Qa4 Nxd3 18. Qxa6 Re7 19. Rad1 Nf4 20. Nxf4 Qxf4 21.
Rfe1 e5 22. Re3 f5 23. exf5 e4 24. Qa4 Rxf5 25. Qc2 Rfe5 26. a4 g4 27. Qb2 Rh5
28. g3 Qf5 29. a5 Kg7 30. axb6 axb6 31. Qxb6 Rxh2 32. Kxh2 Qxf2+ 33. Kh1 Qxe3
34. Rf1 Qxg3 35. Qd8 Rf7 36. Rxf7+ Kxf7 37. Qd7+ Kf6 38. Qe6+ Kg5 39. Qxe4 Qf3+
40. Qxf3 gxf3 0-1